000 00360nam a22001097a 4500
008 230926b |||||||| |||| 00| 0 eng d
022 _a0019-6371
040 _aNational Science Library
_cNational Science Library
245 _aBulletin Indian society of earthquake technology
260 _aRoorkee:
_bIndian Society of Earthquake technology,
_c1964
942 _cCR
999 _c61969
_d61969